| 000 | 00644cam a22002051 4500 | ||
|---|---|---|---|
| 001 | sa 65008889 | ||
| 003 | DLC | ||
| 005 | 20260227112158.0 | ||
| 008 | 860605s1954 io a 000 0 ind | ||
| 010 | _asa 65008889 | ||
| 035 | _a(OCoLC)23541168 | ||
| 040 |
_aDLC _cMiU _dDLC |
||
| 042 | _apremarc | ||
| 050 | 0 | 0 |
_aBF721 _b.S59 |
| 100 | 2 | _aSri Rahayu A. G. | |
| 245 | 1 | 0 |
_aBerbitjara bahagia, diam bentjana. _bDipersembahkan sebagai kenang-kenangan kepada "Ibu Indonesia." _cDihimpun oleh Sri Rahayu A. G. |
| 260 |
_a[Djakarta] _bBalai Buku Indonesia _c[kata pengantar 1954] |
||
| 300 |
_a36 p. _billus. _c24 cm. |
||
| 650 | 0 | _aChild psychology | |
| 999 |
_c65926 _d65926 |
||